Normal view
MARC view
Entry Personal Name
001 - CONTROL NUMBER
- control field: 17876
003 - CONTROL NUMBER IDENTIFIER
- control field: ARRUPE
005 - DATE AND TIME OF LATEST TRANSACTION
- control field: 20150518172431.0
008 - FIXED-LENGTH DATA ELEMENTS
- fixed length control field: 150518|| aca||aabn | a|a d
040 ## - CATALOGING SOURCE
- Original cataloging agency: ARRUPE
- Transcribing agency: ARRUPE
100 ## - HEADING--PERSONAL NAME
- Personal name: Forbes, Jack D.
- Title of a work: Black Africans and Native Americans.
670 ## - SOURCE DATA FOUND
- Source citation: Work cat.: (ARRUPE)0: Forbes, Jack D. 17872, Africans and Native Americans :, 1993.